Forecast worsens for 2008 (Record no. 79950)
[ view plain ]
| 000 -LEADER | |
|---|---|
| fixed length control field | 00852cab a22002055a 4500 |
| 001 - CONTROL NUMBER | |
| control field | L142839 |
| 008 - FIXED-LENGTH DATA ELEMENTS--GENERAL INFORMATION | |
| fixed length control field | 080313e20080308xxkd f 000 0 eng d |
| 035 ## - SYSTEM CONTROL NUMBER | |
| System control number | (Sirsi) u142839 |
| 041 0# - LANGUAGE CODE | |
| Language code of text/sound track or separate title | eng |
| 110 2# - MAIN ENTRY--CORPORATE NAME | |
| Corporate name or jurisdiction name as entry element | Estates Gazette |
| 9 (RLIN) | 298 |
| 245 00 - TITLE STATEMENT | |
| Title | Forecast worsens for 2008 |
| 260 ## - PUBLICATION, DISTRIBUTION, ETC. | |
| Date of publication, distribution, etc. | 2008 |
| 490 ## - SERIES STATEMENT | |
| Series statement | Estates Gazette |
| Volume/sequential designation | (0809) 8 March 2008, 54-55(2) |
| 520 ## - SUMMARY, ETC. | |
| Summary, etc. | IPF consensus forecast survey for March 2008 reveals that the all-property total forecast has fallen to -2.6%, down from 0.9% in the previous quarter. This produces the first negative figure since the survey began in 1999. All sectors show a negative mean total. However forecasts for 2009 are improving. |
| 590 ## - LOCAL NOTE (RLIN) | |
| Local note | KA |
| 650 24 - SUBJECT ADDED ENTRY--TOPICAL TERM | |
| Topical term or geographic name entry element | IPF CONSENSUS FORECAST SURVEY |
| 651 #4 - SUBJECT ADDED ENTRY--GEOGRAPHIC NAME | |
| Geographic name | United Kingdom |
| Chronological subdivision | |
| 690 ## - LOCAL SUBJECT ADDED ENTRY--TOPICAL TERM (OCLC, RLIN) | |
| Topical term or geographic name as entry element | PROPERTY-COMMERCIAL PROPERTY-COMMERCIAL PROPERTY MARKET |
| 942 ## - ADDED ENTRY ELEMENTS (KOHA) | |
| Suppress in OPAC | 0 |
| Withdrawn status | Lost status | Source of classification or shelving scheme | Damaged status | Not for loan | Home library | Current library | Shelving location | Date acquired | Total Checkouts | Full call number | Barcode | Date last seen | Copy number | Price effective from | Koha item type |
|---|---|---|---|---|---|---|---|---|---|---|---|---|---|---|---|
| Dewey Decimal Classification | London | London | Journal article | 13/03/2008 | L142839 | 142839-1001 | 06/08/2019 | 1 | 06/08/2019 | Journal article |